Industrial automated systems : (Record no. 527324)
[ view plain ]
| 000 -LEADER | |
|---|---|
| fixed length control field | 01472cam a22003617a 4500 |
| 001 - CONTROL NUMBER | |
| control field | 15984777 |
| 003 - CONTROL NUMBER IDENTIFIER | |
| control field | NUST |
| 005 - DATE AND TIME OF LATEST TRANSACTION | |
| control field | 20190725065615.0 |
| 008 - FIXED-LENGTH DATA ELEMENTS--GENERAL INFORMATION | |
| fixed length control field | 091116s2011 nyua 000 0 eng d |
| 010 ## - LIBRARY OF CONGRESS CONTROL NUMBER | |
| LC control number | 2009941551 |
| 020 ## - INTERNATIONAL STANDARD BOOK NUMBER | |
| International Standard Book Number | 9781435488885 |
| 020 ## - INTERNATIONAL STANDARD BOOK NUMBER | |
| International Standard Book Number | 1435488881 |
| 035 ## - SYSTEM CONTROL NUMBER | |
| System control number | (OCoLC)ocn670468277 |
| 038 ## - RECORD CONTENT LICENSOR | |
| Staff Name | Faiza |
| 040 ## - CATALOGING SOURCE | |
| Original cataloging agency | SITPL |
| Transcribing agency | SITPL |
| Modifying agency | YDXCP |
| -- | EIK |
| -- | Y8N |
| -- | DLC |
| 042 ## - AUTHENTICATION CODE | |
| Authentication code | lccopycat |
| 050 00 - LIBRARY OF CONGRESS CALL NUMBER | |
| Classification number | TS183 |
| Item number | .B4323 2011 |
| 082 ## - DEWEY DECIMAL CLASSIFICATION NUMBER | |
| Classification number | 670.427 |
| Author Mark | BAR |
| 100 1# - MAIN ENTRY--PERSONAL NAME | |
| Personal name | Bartelt, Terry L. M. |
| 9 (RLIN) | 18503 |
| 245 10 - TITLE STATEMENT | |
| Title | Industrial automated systems : |
| Remainder of title | instrumentation and motion control / |
| Statement of responsibility, etc. | Terry Bartelt. |
| 260 ## - PUBLICATION, DISTRIBUTION, ETC. | |
| Place of publication, distribution, etc. | Clifton Park, NY : |
| Name of publisher, distributor, etc. | Delmar/Cengage Learning, |
| Date of publication, distribution, etc. | c2011. |
| 300 ## - PHYSICAL DESCRIPTION | |
| Extent | xxiv, 720 p. : |
| Other physical details | ill. (some col.) ; |
| Dimensions | 29 cm. + |
| Accompanying material | 1 CD-ROM (4 3/4 in.) |
| 500 ## - GENERAL NOTE | |
| General note | Includes index. |
| 650 #0 - SUBJECT ADDED ENTRY--TOPICAL TERM | |
| Topical term or geographic name entry element | Manufacturing processes |
| General subdivision | Automation. |
| 9 (RLIN) | 18504 |
| 650 #0 - SUBJECT ADDED ENTRY--TOPICAL TERM | |
| Topical term or geographic name entry element | Computer integrated manufacturing systems. |
| 9 (RLIN) | 18505 |
| 856 42 - ELECTRONIC LOCATION AND ACCESS | |
| Materials specified | Contributor biographical information |
| Uniform Resource Identifier | <a href="http://www.loc.gov/catdir/enhancements/fy1303/2009941551-b.html">http://www.loc.gov/catdir/enhancements/fy1303/2009941551-b.html</a> |
| 856 42 - ELECTRONIC LOCATION AND ACCESS | |
| Materials specified | Publisher description |
| Uniform Resource Identifier | <a href="http://www.loc.gov/catdir/enhancements/fy1303/2009941551-d.html">http://www.loc.gov/catdir/enhancements/fy1303/2009941551-d.html</a> |
| 856 41 - ELECTRONIC LOCATION AND ACCESS | |
| Materials specified | Table of contents only |
| Uniform Resource Identifier | <a href="http://www.loc.gov/catdir/enhancements/fy1303/2009941551-t.html">http://www.loc.gov/catdir/enhancements/fy1303/2009941551-t.html</a> |
| 906 ## - LOCAL DATA ELEMENT F, LDF (RLIN) | |
| a | 7 |
| b | cbc |
| c | copycat |
| d | 3 |
| e | ncip |
| f | 20 |
| g | y-gencatlg |
| 942 ## - ADDED ENTRY ELEMENTS (KOHA) | |
| Source of classification or shelving scheme | |
| Koha item type | Book |
| Withdrawn status | Lost status | Source of classification or shelving scheme | Damaged status | Not for loan | Permanent Location | Current Location | Date acquired | Source of acquisition | Cost, normal purchase price | Total Checkouts | Full call number | Barcode | Date last seen | Price effective from | Koha item type | Total Renewals | Date last checked out |
|---|---|---|---|---|---|---|---|---|---|---|---|---|---|---|---|---|---|
| Central Library (CL) | Central Library (CL) | 07/25/2019 | Purchased | 22884.56 | 670.427 BAR | CL-132 | 07/25/2019 | 07/25/2019 | Book | ||||||||
| Central Library (CL) | Central Library (CL) | 07/25/2019 | Purchased | 22884.56 | 670.427 BAR | CL-133 | 07/25/2019 | 07/25/2019 | Book | ||||||||
| Central Library (CL) | Central Library (CL) | 07/25/2019 | Purchased | 22884.56 | 1 | 670.427 BAR | CL-134 | 06/07/2023 | 07/25/2019 | Book | 4 | 01/25/2022 | |||||
| Central Library (CL) | Central Library (CL) | 07/25/2019 | Purchased | 22884.56 | 670.427 BAR | CL-135 | 07/25/2019 | 07/25/2019 | Book | ||||||||
| Central Library (CL) | Central Library (CL) | 07/25/2019 | Purchased | 22884.56 | 1 | 670.427 BAR | CL-136 | 06/07/2022 | 07/25/2019 | Book | 2 | 03/01/2022 |
